Datum a čas kvízu
37
Celkem bodů
Celkový počet nahraných bodů na tomto kvízu bez doplňovacích otázek.
2.
Pořadí na kvízu
Konečné umístění týmu na tomto kvízu.
Zaznamenané odpovědi
| # | Otázka | Odpověď | Body | Výsledky |
|---|---|---|---|---|
| 1. | Návštěvníci Pražského hradu mo... | C) včelín | 1 | |
| 2. | Kolumbijský parlament odhlasov... | D) býčích zápasů | 1 | |
| 3. | Ve kterém městě začal minulý t... | ve Zlíně | 1 | |
| 4. | Minulý týden oznámili organizá... | v Ženevě | 1 | |
| 5. | Minulý týden se dostala do méd... | David Limberský | 1 | |
| 6. | Kterým výrazem na písmeno M se... | mixologie | 0 | |
| 7. | Ernest Hemingway měl údajně v... | Daiquiri | 1 | |
| 8. | Oblíbenou složkou míchaných ná... | pomeranči | 0 | |
| 9. | Ve filmu Někdo to rád horké se... | Manhattan | 1 | |
| 10. | V poslední otázce se podíváme... | Semafor | 1 |